| Поле | Название | Значение |
| |
Тип записи |
i |
| |
Библиографический уровень |
m |
| 001 |
Контрольный номер |
RU/IS/BASE/418410497 |
| 005 |
Дата корректировки |
20201206204847.2 |
| 010 |
Индекс ISBN |
__ |
| d |
Цена |
291-92 |
| 101 |
Язык документа |
1_ |
| a |
Язык текста |
rus |
| c |
Язык оригинала |
eng |
| 200 |
Заглавие и сведения об ответственности |
1_ |
| a |
Заглавие |
Всего хорошего, и спасибо за рыбу! |
| e |
Сведения, относящиеся к заглавию |
[роман : аудиокнига] |
| f |
Первые сведения об ответственности |
Дуглас Адамс ; [читает Петр Коршунков ; пер. С. Силаковой, Натальи Магнат] |
| b |
Общее обозначение материала |
Звукозапись |
| 210 |
Выходные данные |
__ |
| a |
Место издания |
М. |
| c |
Издательство |
Аудиокнига |
| d |
Дата издания |
2011 |
| 215 |
Физическое описание |
__ |
| a |
Объем |
1 электрон. опт. диск (Audio CD) (06 ч.) |
| 225 |
Серия |
__ |
| a |
Серия |
Зарубежная фантастика |
| 300 |
Общие примечания |
__ |
| a |
Общие примечания |
128 Kbps ; СD-плеер с поддержкой MP3 или Pentium-233 ; Windows 9x-XP ; CD-ROM ; звуковая карта |
| 323 |
Примечание о главных создателях, исполнителях, участниках |
__ |
| a |
Примечание о главных создателях, исполнителях, участниках |
Коршунков, П. (читает) |
| 330 |
Аннотация |
__ |
| a |
Аннотация |
Герои Адамса ничем не отличаются от нас с вами - но они умеют путешествовать от звезды к звезде, обходясь тридцатью альтаирскими долларами в день. Как и мы с вами, они ищут счастья - а находят лишь приключения, то фантастически-мрачные, то уморительно-смешные. |
| 333 |
Примечание о целевом назначении |
__ |
| a |
Примечание о целевом назначении |
16+. Для детей старше 16 лет |
| 606 |
Тематические рубрики |
__ |
| a |
Основная рубрика |
Художественная литература |
| 606 |
Тематические рубрики |
__ |
| a |
Основная рубрика |
Литература Европы (произведения) |
| y |
Географическая подрубрика |
Великобритания; Англия |
| 610 |
Ключевые слова |
__ |
| a |
Ключевые слова |
зарубежная литература; иностранная литература; английская литература; романы; фантастические романы; фантастика; тема приключений; тема космоса; тема путешествий; современная литература; тема юмора |
| 686 |
Индексы других классификаций |
__ |
| a |
Классификационный индекс |
84(4Вел)6-445я04 |
| 700 |
Автор |
_1 |
| a |
Фамилия |
Адамс |
| b |
Имя |
Д. |
| f |
Даты |
1952-2001 |
| g |
Полное личное имя |
Дуглас Ноэль |
| 4 |
Код отношения |
070 |
| 702 |
Вторичная интеллектуальная ответственность |
_1 |
| a |
Фамилия |
Силакова |
| b |
Имя |
С. |
| 4 |
Код отношения |
Переводчик |
| 4 |
Код отношения |
730 |
| 702 |
Вторичная интеллектуальная ответственность |
_1 |
| a |
Фамилия |
Магнат |
| b |
Имя |
Н. |
| 4 |
Код отношения |
Переводчик |
| 4 |
Код отношения |
730 |
| 801 |
Источник записи |
_0 |
| a |
Страна |
RU |
| b |
Организация |
Муниципальное бюджетное учреждение культуры "Централизованная библиотечная система" г. Сургут (Центральная городская библиотека им. А. С. Пушкина) |
| g |
Правила каталогизации |
КиК/Апакова |
| 801 |
Источник записи |
_1 |
| a |
Страна |
RU |
| b |
Организация |
Муниципальное бюджетное учреждение культуры "Централизованная библиотечная система" г. Сургут (Центральная городская библиотека им. А. С. Пушкина) |
| g |
Правила каталогизации |
КиК/Апакова |
| 852 |
Данные о местонахождении |
__ |
| j |
Шифр хранения |
84(4Вел)6-445я04 |
| i |
Авторский знак |
А 28 |
| 901 |
Тип документа |
__ |
| t |
Тип документа |
0 |
| 903 |
Характеристики (МАРС) |
__ |
| a |
Дата передачи |
20130404 |
| 969 |
Тип издания |
__ |
| a |
Тип издания |
аудиокнига; издание для слепых |
| 990 |
Данные о заказе (DOS) |
__ |
| j |
Количество экземпляров (DOS) |
5 |
| h |
N записи в КСУ для Б/У (DOS) |
201304 |